000 00409nam a22001217a 4500
999 _c1837
_d1837
005 20200903162501.0
008 200903b ||||| |||| 00| 0 eng d
020 _a0751716103
040 _cCML
245 _aTechnican Units 8 and 9: Managing Performance and Controlling Resources.
_cAAT
260 _aLondon
_bBPP Professional Education Publishing Company
_c2004
942 _2ddc
_cBK
_h657
_mAAT